000 02170nam0a2200349 4500
001 RU\NLR\bibl\36446
005 20260409074758.0
010 _a5-7679-0105-8
_9100
021 _aRU
_b98-35881
_91705
035 _a(NLR Aleph) 000035535
090 _a181876
_c181876
100 _a19990702d1997 u y0rusy50 ca
101 0 _arus
102 _aRU
105 _aa |||||||||
200 1 _aОбъектно-ориентированное программирование и технология построения интегрированных программных комплексов
_eУчеб. пособие
_e[Для студентов вузов по спец. "Автоматизир. информ. и управляющие системы"]
_fЕ.А. Семенчев
_gМ-во общ. и проф. образования Рос. Федерации, Тул. гос. ун-т
210 _aТула
_cТулГУ
_d1997
215 _a110 с.
_cил.
_d20
300 _aЗагл. обл.: Технология построения объектно-ориентированных программных комплексов
320 _aБиблиогр.: с.108
512 1 _6z33790
_aТехнология построения объектно-ориентированных программных комплексов
606 _aОбъектно-ориентированное программирование (компьют.)
_jРуководства, пособия и т.п. для высшей школы
_3RU\NLR\auth\661327841
_92210408
606 _aОбъектно-ориентированное программирование (компьют.)
_jУчебные издания для высшей школы
_3RU\NLR\auth\661327841
_92210408
686 _aЗ973.23-018я73-1
700 1 _aСеменчев
_bЕ. А.
_gЕвгений Александрович
_4070
790 1 _6z33512
_aСеменчев
_bЕ. А.
_gЕвгений Александрович
_4070
801 0 _aRU
_bNLR
_c19990702
_gPSBO
801 1 _aRU
_bNLR
_c19990702
852 _aNLR
_j99-3/6329
942 _cBOOK
980 _aNB